Statistics for US Presidential Election - Most Consistent States since 1964

Click here to take the quiz!

General Stats

  • This quiz has been taken 262 times
  • The average score is 12 of 16

Answer Stats

HintState% Correct
Dem:1; Rep:13South Dakota
89%
Dem:1; Rep:13North Dakota
88%
Dem:1; Rep:13Idaho
86%
Dem:1; Rep:13Kansas
85%
Dem:1; Rep:13Alaska
84%
Dem:1; Rep:13Wyoming
84%
Dem:1; Rep:13Utah
81%
Dem:13; Rep:1Minnesota
78%
Dem:14; Rep:0District of Columbia
75%
Dem:1; Rep:13Oklahoma
75%
Dem:1; Rep:13Arizona
71%
Dem:1; Rep:13South Carolina
69%
Lyndon Johnson
67%
Bill Clinton
65%
Richard Nixon
65%
Jimmy Carter
61%

Score Distribution

Percentile by Number Answered

Percent of People with Each Score

Your Score History

You have not taken this quiz